Every city in Liberia - Statistics

General Stats
  • This quiz has been taken 73 times
  • The average score is 5 of 23
Answer Stats
Population Answer % Correct
1,021,762 Monrovia
95%
13,370 Greenville
37%
50,245 Buchanan
33%
56,986 Gbarnga
32%
25,349 Zwedru
27%
3,566 Fish Town
25%
42,077 Ganta
25%
23,517 Harper
24%
34,609 Kakata
22%
3,515 Robertsport
21%
20,569 Foya
17%
23,464 Pleebo
17%
5,577 Zorzor
17%
25,309 Harbel
16%
14,576 Tubmanburg
14%
15,269 Voinjama
14%
2,912 Bopolu
13%
11,854 Sanniquellie
13%
3,108 Barclayville
11%
520 Bensonville
11%
2,389 Cesstos City
10%
5,585 Karnplay
10%
13,790 Sacleapea
6%
No matching quizzes found
Score Distribution
Percent of People with Each Score
Percentile by Number Answered
Your Score History
You have not taken this quiz